1980s Songs - Sudden Death - Statistics

General Stats
  • This quiz has been taken 3,515 times
  • The average score is 4 of 15
Answers on the Grid
Answers color-coded by a green-red scale on the quiz's grid according to % correct below.
9 to 5 - Dolly Parton
A Whole New World - Peabo Bryson / Regina Belle
Achy Breaky Heart - Billy Ray Cyrus
Africa - Toto
Baby Got Back - Sir Mix-A-Lot
Black or White - Michael Jackson
Can You Feel The Love Tonight - Elton John
Careless Whisper - Wham! / George Michael
Celebration - Kool & the Gang
Copacabana (At the Copa) - Barry Manilow
Dancing Queen - ABBA
Don't Stop Believin - Journey
End of the Road - Boyz II Men
Eye Of The Tiger - Survivor
Fast Car - Tracy Chapman
Fields of Gold - Sting
Go Your Own Way - Fleetwood Mac
Here Comes The Hotstepper - Ini Kamoze
Hero - Mariah Carey
Hotel California - Eagles
How Deep Is Your Love - Bee Gees
I Have Nothing - Whitney Houston
I Will Survive - Gloria Gaynor
Ice Ice Baby - Vanilla Ice
In The Air Tonight - Phil Collins
It's All Coming Back to Me Now - Celine Dion
Kiss From A Rose - Seal
Le Freak - Chic
Lucille - Kenny Rogers
Material Girl - Madonna
Never Gonna Give You Up - Rick Astley
Physical - Olivia Newton-John
Play That Funky Music - Wild Cherry
Rhinestone Cowboy - Glen Campbell
Smells Like Teen Spirit - Nirvana
Sweet Child O' Mine - Guns N' Roses
Tears In Heaven - Eric Clapton
Thriller - Michael Jackson
Total Eclipse Of The Heart - Bonnie Tyler
Uptown Girl - Billy Joel
We Are Family - Sister Sledge
We Will Rock You - Queen
When A Man Loves A Woman - Michael Bolton
YMCA - Village People
You're the One That I Want - Olivia Newton-John / John Travolta
 
Answer Stats
Answer % Correct
Africa - Toto
72%
9 to 5 - Dolly Parton
54%
Careless Whisper - Wham! / George Michael
38%
Eye Of The Tiger - Survivor
32%
Don't Stop Believin - Journey
29%
Fast Car - Tracy Chapman
17%
Material Girl - Madonna
17%
Never Gonna Give You Up - Rick Astley
17%
Thriller - Michael Jackson
17%
In The Air Tonight - Phil Collins
16%
Celebration - Kool & the Gang
15%
Total Eclipse Of The Heart - Bonnie Tyler
13%
Uptown Girl - Billy Joel
13%
Sweet Child O' Mine - Guns N' Roses
12%
Physical - Olivia Newton-John
11%
No matching quizzes found
Score Distribution
Percent of People with Each Score
Percentile by Number Answered
Your Score History
You have not taken this quiz